Normal view
MARC view
- التاريخ- مناهج بحث- فلسفة
Entry Topical Term
001 - CONTROL NUMBER
- control field: 15764
003 - CONTROL NUMBER IDENTIFIER
- control field: JO-AjAnu
005 - DATE AND TIME OF LATEST TRANSACTION
- control field: 20230606072820.0
008 - FIXED-LENGTH DATA ELEMENTS
- fixed length control field: 230606|| aca||aabn | a|a d
040 ## - CATALOGING SOURCE
- Original cataloging agency: JO-AjAnu
- Transcribing agency: JO-AjAnu
150 ## - HEADING--TOPICAL TERM
- Topical term or geographic name entry element: التاريخ- مناهج بحث- فلسفة
670 ## - SOURCE DATA FOUND
- Source citation: Work cat.: (JO-AjAnu)8095: كاسيرر، أرنست ؛ ترجمة: أحمد حمدي محمود ؛ مراجعة: علي أدهم, author 15763, في المعرفة التاريخية